| 000 | 00955cam a2200301Ii 4500 | ||
|---|---|---|---|
| 001 | 48743 | ||
| 005 | 20230411085959.0 | ||
| 008 | 780329s1965 xx 000 0 mac d | ||
| 035 | _a(OCoLC)ocm03760951 | ||
| 040 |
_aOSU _cOSU _dOCLCQ _dNLGGC |
||
| 019 | _a11255957 | ||
| 029 | 1 |
_aNLGGC _b108471217 |
|
| 035 |
_a(OCoLC)3760951 _z(OCoLC)11255957 |
||
| 041 | 0 | _amaceng | |
| 090 |
_aPG1163 _bC955l 1965 |
||
| 049 | _aGRAL | ||
| 100 | 1 | _aCrvenkovski, Duésan. | |
| 245 | 1 | 0 |
_aMal makedonsko-angliski reécnik = _bA little Macedonian-English dictionary / _cDuésan Crvenkovski, Branislav Gruiâk. |
| 260 |
_aSkopje : _bProsvetno delo, _c1965. |
||
| 300 |
_a390 p. ; _c15 cm. |
||
| 650 | 0 |
_aMacedonian language _vDictionaries _xEnglish. |
|
| 650 | 1 | 7 |
_aMacedonisch. _2gtt |
| 650 | 1 | 7 |
_aEngels. _2gtt |
| 700 | 1 |
_aGrujiác, Branislav, _ejoint author. _tMal makedonsko-angliski reécnik. |
|
| 942 |
_2lcc _cbk |
||
| 946 | _almminaya | ||
| 994 |
_aC0 _bDRFGD |
||
| 999 |
_c110396 _d110396 |
||